Marcha por la vida /
Fotos emblemáticas del periodismo gráfico argentino de los últimos 35 años cuentan la historia de la Argentina reciente. La serie se sumerge en los archivos fotográficos y se acerca a los hechos desde imágenes que condensan simbólicamente mucho más que lo fotografiado. Se trata de una mirada que, ad...
Guardado en:
| Autor Principal: | |
|---|---|
| Autor Corporativo: | |
| Otros Autores: | , , , |
| Formato: | |
| Publicado: |
Argentina,
2013
|
| Series: | Fotos. Retrato de un país
|
| Materias: | |
| Etiquetas: |
Agregar Etiqueta
Sin Etiquetas, Sea el primero en etiquetar este registro!
|
| LEADER | 02651ngm a22004215g 4500 | ||
|---|---|---|---|
| 001 | CEM.cems023911 | ||
| 008 | 130507s2013##################0###0#####d | ||
| 005 | 20250715180410.0 | ||
| 245 | 1 | 0 | |a Marcha por la vida / |c Nicolás Avruj, Fernando Zuber y Diego Lerman. |
| 260 | |a Argentina, |c 2013 | ||
| 300 | |a 28'. | ||
| 490 | 0 | |a Fotos. Retrato de un país | |
| 520 | |a Fotos emblemáticas del periodismo gráfico argentino de los últimos 35 años cuentan la historia de la Argentina reciente. La serie se sumerge en los archivos fotográficos y se acerca a los hechos desde imágenes que condensan simbólicamente mucho más que lo fotografiado. Se trata de una mirada que, además de detenerse en lo estético, se plantea un relato fotográfico de la historia. El año 1982 marca el final de la etapa más oscura y terrible de nuestro país. Los últimos meses de la dictadura militar dejan entrever lo que sucederá reinstaurada la democracia. Abiertamente y sin miedo, una parte de la sociedad reclama por los desaparecidos en diversas manifestaciones cada vez más concurridas. El 5 de octubre de 1982 se realiza la llamada Marcha por la vida, que reúne a todos los organismos de Derechos Humanos en un mismo reclamo. Durante la jornada, Marcelo Ranea toma una de las fotos más polémicas de nuestra historia reciente: el supuesto abrazo entre un policía y una Madre de Plaza de Mayo. Otras imágenes de la escena, sacadas instantes antes y después de esa toma, muestran a la mujer reclamando con indignación mientras golpea el pecho del policía. Sin embrago, a pesar de toda una secuencia que muestra lo contrario, el diario Clarín publica la fotografía como símbolo de la reconciliación nacional. | ||
| 538 | |a Soporte: DVD - Formato: AVI - Resolución: 720 x 540 - Grabación DRD | ||
| 500 | |a Consultar en ventanilla. | ||
| 100 | 1 | |a Avruj, Nicolás. | |
| 700 | 1 | |a Ranea, Marcelo; Entrevistado. | |
| 700 | 1 | |a Cortiñas, Nora; Entrevistada. | |
| 700 | 1 | |a Gamarnik, Cora; Entrevistada. | |
| 700 | 1 | |a García, Daniel; Entrevistado. | |
| 710 | 2 | |a Canal Encuentro. | |
| 082 | 9 | 8 | |/ AVR-1 |
| 653 | |a HISTORIA | ||
| 653 | |a HISTORIA ARGENTINA | ||
| 653 | |a FOTOS | ||
| 653 | |a FOTOGRAFIA | ||
| 653 | |a FOTOGRAFIA ARGENTINA | ||
| 653 | |a PROCESO DE REORGANIZACION NACIONAL | ||
| 653 | |a DICTADURA | ||
| 653 | |a DICTADURA MILITAR | ||
| 653 | |a VIDELA | ||
| 653 | |a MADRES DE PLAZA DE MAYO | ||
| 653 | |a DERECHOS HUMANOS | ||
| 653 | |a DESAPARECIDOS | ||
| 653 | |a GOLPE DEL 76 | ||
| 653 | |a JUNTA MILITAR | ||
| 653 | |a SERIE DE TELEVISIÓN | ||
| 859 | |a CEMS |b BIB. CEMS - Depto. Recursos Didacticos |h 982 |i AVR-1 |k DRD |p 2554.15 |t Ej.1 | ||
